1171 1026 1498 1329 1875 1933 1258 1581 1161 1534 1121 1737 1946 1193 1542 1035 1571 1719 1320 1308 1161 1044 1229 1112 1419 1148 1302 1801 1349 1374 1999 1604 1471 1639 1371 1987 1186 1952 1658 1808 1710 1618 1842 1260 1413 1081 1044 1981 1008 1306 1565 1913 1325 1168 1929 1060 1933 1650 1096 1965 1544 1921 1732 1103 1520 1119 1704 1838 1896 1011 1982 1462 1751 1688 1022 1356 1698 1155 1177 1169 1668 1783 1321 1400 1626 1040 1484 1521 1615 1081 1862 1204 1714 1989 1617 1589 1447 1657 1992 BCNSPRNW ULIB Ver.6.0+V

เปลี่ยนเป็นภาษาไทย

Change to English
 แสดงรายละเอียดบรรณานุกรม
  กลับหน้าหลัก

Brief Record : Get Marc (ISO 2709) : E-mail record : QR code < ปิดหน้าต่าง
LEADER : 00000nam a2200000 a 4500
001    13399128091
003     ULIB
008    210223s2564 th a b 001 0 tha d
020    ^a9786165771634
040    ^abpy
060 04 ^aWT101^bส783ค
100 0  ^aสุธรรม นันทมงคลชัย
245 10 ^aครอบครัวกับการส่งเสริมสุขภาพผู้สูงอายุ /^cสุธรรม นันทมงคลชัย
250    ^aพิมพ์ครั้งที่ 1
260    ^aกรุงเทพฯ :^bคณะสาธารณสุขศาสตร์ มหาวิทยาลัยมหิดล,^c2564
300    ^a[9], 228 หน้า :^bภาพประกอบ ;^c26 ซม.
504    ^aมีบรรณานุกรมและดัชนี
505 0  ^aแนวคิดเกี่ยวกับครอบครัว -- แนวคิดและทฤษฎฎีที่เกี่ยวข้องกับความสูงอายุ --สถานการณ์ แนวโน้มการเปลี่ยนแปลงและลักษณะของผู้สูงอายุไทย --ครอบครัวกับการส่งเสริมความรู้สึกมีคุณค่าในตนเองของผู้สูงอายุ --ครอบครัวกับการส่งเสริมความสุขในผู้สูงอายุ --ครอบครัวกับการส่งเสริมคุณภาพชีวิตผู้สูงอายุ --ครอบครัวกับแรงสนับสนุนทางสังคมในผู้สูงอายุ --ครอบครัวกับการส่งเสริมสุขภาพจิตผู้สูงอายุ --ครอบครัวกับการดูแลผู้สูงอายุที่มีภาวะสมองเสื่อม --ครอบครัวกับการป้องกันการหกล้มในผู้สูงอายุ --บทบาทครอบคัวในการดูแลผู้สูงอายุกลุ่มติดบ้าน ติดเตียง --การเตรียมตัวของครอบครัวในการดูแลผู้สูงอายุระยะยาว
650  4 ^aผู้สูงอายุ^xการดูแลและสุขวิทยา
650  4 ^aการส่งเสริมสุขภาพ^xในวัยชรา
650  4 ^aบริการสุขภาพ
650  4 ^aครอบครัว
650  4 ^aอนามัยครอบครัว
710 2  ^aมหาวิทยาลัยมหิดล.^bคณะสาธารณสุขศาสตร์.^bภาควิชาอนามัยครอบครัว
910    ^aSend to UC
945    ^p200^l0^i29316
945    ^p200^l0^i29317
945    ^p200^l0^i29318
945    ^p200^l0^i29319
945    ^p200^l0^i29320
995    ^aกัณชพร จุลอักษร
999    ^aกัณชพร
รายการนี้ยังไม่มีแท็ก
คุณยังไม่ได้ล็อกอิน คุณสามารถมีกิจกรรมร่วมกับเว็บไซต์ได้ แต่ต้องล็อกอินก่อน ::
  ล็อกอิน

รายการสื่อสารสนเทศ

ลำดับที่ ประเภท เลขเรียก/บาร์โค้ด สถานที่ สถานะ
1. หนังสือสำรอง
หนังสือสำรอง
WT101 ส783ค ฉ.1 
  Barcode: 29316
ห้องสมุดวิทยาเขตนครสวรรค์
►หนังสือทั่วไป:l:General Books
บนชั้น
2. วิทยาศาสตร์การแพทย์ และสุขภาพ
วิทยาศาสตร์การแพทย์ และสุขภาพ
WT101 ส783ค ฉ.2 
  Barcode: 29317
ห้องสมุดวิทยาเขตนครสวรรค์
►หนังสือทั่วไป:l:General Books
บนชั้น
3. วิทยาศาสตร์การแพทย์ และสุขภาพ
วิทยาศาสตร์การแพทย์ และสุขภาพ
WT101 ส783ค ฉ.3 
  Barcode: 29318
ห้องสมุดวิทยาเขตนครสวรรค์
►หนังสือทั่วไป:l:General Books
บนชั้น
4. วิทยาศาสตร์การแพทย์ และสุขภาพ
วิทยาศาสตร์การแพทย์ และสุขภาพ
WT101 ส783ค ฉ.4 
  Barcode: 29319
ห้องสมุดวิทยาเขตนครสวรรค์
►หนังสือทั่วไป:l:General Books
บนชั้น
5. วิทยาศาสตร์การแพทย์ และสุขภาพ
วิทยาศาสตร์การแพทย์ และสุขภาพ
WT101 ส783ค ฉ.5 
  Barcode: 29320
ห้องสมุดวิทยาเขตนครสวรรค์
►หนังสือทั่วไป:l:General Books
บนชั้น

รายการใกล้เคียง
    ผู้แต่ง [สุธรรม นันทมงคลชัย]

    หัวเรื่อง [บริการสุขภาพ]
    หัวเรื่อง [ครอบครัว]
    หัวเรื่อง [อนามัยครอบครัว]

BibComment


ยังไม่เคยถูกคอมเมนท์

คอมเมนท์ทรัพยากรรายการนี้
  คอมเมนท์: ครอบครัวกับการส่..


 Copyright 2026. Bcnsprnw @Library